| 000 | 00624nam a22002177a 4500 | ||
|---|---|---|---|
| 003 | OSt | ||
| 005 | 20150826152838.0 | ||
| 008 | 130319t xxu||||| |||| 00| 0 eng d | ||
| 020 | _a9715145701 | ||
| 050 |
_aBX 945 _b.M35 1999 |
||
| 082 |
_aBX 945 _bM35 2005 |
||
| 100 | _aManabat, Josefina M. | ||
| 245 |
_a The church on the move / _cJosefina M. Manabat. |
||
| 260 |
_aQuezon City : _bPublished by FNB Educational, Inc., _c1999. |
||
| 300 |
_a320 pages : _c25 cm _billustrations ; |
||
| 500 | _aIncludes bibliographical references. | ||
| 562 | _e2 | ||
| 942 |
_2lcc _cBK _kFIL |
||
| 999 |
_c288516 _d288516 |
||